Manual de educación física y deportes: técnicas y actividades prácticas
Gardado en:
| Autor Principal: | |
|---|---|
| Formato: | Libro |
| Idioma: | Lingua castelá |
| Publicado: |
Barcelona
Océano
2003
|
| Subjects: | |
| Tags: |
Engadir etiqueta
Sen Etiquetas, Sexa o primeiro en etiquetar este rexistro!
|
MARC
| LEADER | 00000nam a2200000 a 4500 | ||
|---|---|---|---|
| 001 | UCL0912 | ||
| 003 | CL-VaPUC | ||
| 008 | 030825e20030000SP |||||||||||||||||spa|d | ||
| 020 | |a 8449422701 | ||
| 082 | 0 | 4 | |a 796 |b BEN |2 21 |
| 100 | 0 | |a Bennassar Torrandell, Marta |e author |9 477664 | |
| 245 | 1 | 0 | |a Manual de educación física y deportes: técnicas y actividades prácticas |
| 300 | |a 607 p | ||
| 942 | |c BK | ||
| 945 | |d 20030825 00:00:00 |a cmena | ||
| 260 | |a Barcelona |b Océano |c 2003 | ||
| 500 | |a Incluye Cd-Rom: Deporte y musculación, guía práctica interactiva | ||
| 650 | 0 | |a Deportes |9 224367 | |
| 650 | 0 | |a Educación física |9 240893 | |
| 650 | 7 | |a ENTRENAMIENTO ATLETICO |2 CL-VaPUC |9 477665 | |
| 650 | 7 | |a SISTEMA MUSCULO ESQUELETICO |2 CL-VaPUC |9 477666 | |
| 583 | |a last modification |c 20030825 00:00:00 |k Rodrigo Vera | ||
| 999 | |c 304637 |d 304635 | ||
| 952 | |0 0 |1 0 |4 0 |6 796_000000000000000_BEN_2003 |7 0 |8 X |9 367167 |a BIBEDU |b BIBEDU |d 2019-11-21 |i 393229K |o 796 BEN 2003 |p 393229K |r 2023-01-13 |w 2019-11-21 |y BK_X |k EFI | ||
| 952 | |0 0 |1 0 |4 0 |6 796_000000000000000_BEN_2003 |7 0 |8 X |9 367168 |a BIBEDU |b BIBEDU |d 2019-11-21 |i 3932303 |o 796 BEN 2003 |p 3932303 |r 2023-01-13 |w 2019-11-21 |y BK_X |k EFI | ||